All Incorporated Municipalities of Rockingham County, New Hampshire - Statistics

General Stats
  • This quiz has been taken 23 times
  • The average score is 25 of 37
Answer Stats
Answer % Correct
Hampton
100%
Portsmouth
100%
New Castle
88%
North Hampton
88%
Seabrook
88%
Candia
75%
Derry
75%
Exeter
75%
Hampton Falls
75%
Kingston
75%
Londonderry
75%
Newmarket
75%
Raymond
75%
Rye
75%
Salem
75%
Stratham
75%
Auburn
63%
Deerfield
63%
Epping
63%
Greenland
63%
Newfields
63%
Newington
63%
Northwood
63%
Nottingham
63%
South Hampton
63%
Windham
63%
Atkinson
50%
Brentwood
50%
Chester
50%
Danville
50%
East Kingston
50%
Fremont
50%
Hampstead
50%
Kensington
50%
Plaistow
50%
Sandown
50%
Newton
38%
No matching quizzes found
Score Distribution
Percent of People with Each Score
Percentile by Number Answered
Your Score History
You have not taken this quiz